З рідного села в широкий світ (Запис № 431438)

МАРК-запис
000 -Лідер
fixed length control field 00800nam a22002537a 4500
001 - Контрольний номер
control field 51312
003 - Ідентифікатор контрольного номера
control field UA-OsUOA
005 - Дата та час останнього входження (трансакції)
control field 20230817122527.0
007 - Фіксоване поле фізичного опису
fixed length control field ta
008 - Елементи даних фіксованої довжини – загальна інформація
fixed length control field 20140901b un ||||| |||| 00| 0 ukr d
040 ## - Джерело каталогізації
Агенція оригінальної каталогізації UA-OsUOA
Мова каталогізації ukr
Агенція, яка здійснювала перезапис UA-OsUOA
Агенція, яка здійснювала модифікацію UA-OsUOA
041 ## - Код мови
Код мови тексту/ звукової доріжки чи окремого заголовка (П) ukr
080 ## - Індекс Універсальної десяткової класифікації
Індекс Універсальної десяткової класифікації (УДК) (НП) 82-94
090 ## - Локальний шифр розміщення
Класифікаційний індекс УДК 82-94
Авторський знак (НП) П37
100 ## - Основне введення – ім’я особи
Ім’я особи (НП) Пласконіс В.
245 ## - Відомості про назву
Назва (НП) З рідного села в широкий світ
Решта назви (НП) спогади
Дані про відповідальність (НП) В. Пласконіс
260 ## - Публікація, розповсюдження і т.п. (Вихідні дані)
Місце публікації, розповсюдження і т.п. (П) Сент Кетерінс
Дата публікації, розповсюдження і т.п. (П) 1975
300 ## - Фізичний опис
Обсяг 256 с.; іл. с.
650 #7 - Додаткове предметне введення – тематичний термін
Тематичний термін чи географічна назва, як елемент введення (НП) 82 Література. Літературознавство
Джерело заголовка чи терміна UDC
942 ## - Додаткові елементи входу (Коха)
Тип елемента Koha Книги
Source of classification or shelving scheme Universal Decimal Classification
955 ## - Код типу видання за змістом
Код типу видання за змістом (НП) Науково-популярні видання
Фонди
Стан вилучень Стан втрат Джерело класифікації або схеми стелажів Стан уражень Не для кредиту Постійне місце розташування Поточне розміщення Дата придбання Джерело придбання Вартість, звичайна ціна покупки Інвентарний номер Усього замовленно Повний номер виклику Штрих-код Дата останнього перегляду Ціна ефективна від Тип елемента Koha Код колекції
    Universal Decimal Classification     Наукова бібліотека ІДУД Наукова бібліотека ІДУД 01/09/2014 311/2014 1.00 2136963   82-94 П37 2136963 14/09/2019 01/09/2014 Книги  
    Universal Decimal Classification     Наукова бібліотека ІДУД Наукова бібліотека ІДУД 15/08/2023 Акт надходжень №4/02.08.2023 (від Соколиків)   2140561   82-94 П37 2140561 15/08/2023 15/08/2023 Книги Колекція др. Константина Бризгуна (Оксани і Ярослава Соколиків)